[Event "POL-chT blind"]
[Site "Wagrowiec"]
[Date "2017.10.15"]
[Round "2.16"]
[White "Stachanczyk, Jacek"]
[Black "Niecko, Stanislaw"]
[Result "1-0"]
[WhiteElo "2196"]
[BlackElo "1822"]
[PlyCount "99"]
[EventDate "2017.10.14"]
[EventType "team-tourn"]
[EventRounds "9"]
[EventCountry "POL"]
[SourceTitle "EXT 2019"]
[Source "ChessBase"]
[SourceDate "2018.10.10"]
[SourceVersion "1"]
[SourceVersionDate "2018.10.10"]
[SourceQuality "1"]

1. e4 e5 2. Nf3 Nc6 3. Bb5 a6 4. Bxc6 dxc6 5. 0-0 Qd6 6. d3 c5 7. Nbd2 f6 8. Nc4 Qe6 9. Be3 Bd6 10. Nfd2 Ne7 11. Qh5+ g6 12. Qh6 Bd7 13. f4 exf4 14. Bxf4 0-0-0 15. Bxd6 cxd6 16. Qf4 Bc6 17. Qxf6 Qxf6 18. Rxf6 d5 19. Nd6+ Kb8 20. Nf7 Rhf8 21. Raf1 Rde8 22. Nd6 Rxf6 23. Rxf6 Rd8 24. Rf7 Rxd6 25. Rxe7 dxe4 26. Nxe4 Bxe4 27. Rxe4 Rd7 28. Kf2 Kc7 29. a3 a5 30. Ke3 Kc6 31. a4 b6 32. Re6+ Kc7 33. b3 Kb7 34. g4 Kc7 35. h4 Kb7 36. h5 gxh5 37. gxh5 Ka6 38. Ke4 Rf7 39. Kd5 Kb7 40. c3 Kc7 41. Kc4 Rd7 42. Rf6 Kb7 43. Kb5 Rxd3 44. Rf7+ Kc8 45. Rxh7 Rxc3 46. h6 Rxb3+ 47. Kc6 Kb8 48. Rg7 Rh3 49. h7 Rh6+ 50. Kb5 1-0

[Event "POL-chT blind Gp A"]
[Site "Mielno"]
[Date "2013.12.10"]
[Round "6.7"]
[White "Niecko, Stanislaw"]
[Black "Stankiewicz, Edward"]
[Result "1/2-1/2"]
[WhiteElo "1804"]
[BlackElo "1881"]
[PlyCount "67"]
[EventDate "2013.12.06"]
[EventType "team-tourn"]
[EventRounds "10"]
[EventCountry "POL"]
[SourceTitle "EXT 2019"]
[Source "ChessBase"]
[SourceDate "2018.10.10"]
[SourceVersion "1"]
[SourceVersionDate "2018.10.10"]
[SourceQuality "1"]

1. c4 Nf6 2. Nf3 g6 3. g3 Bg7 4. Bg2 0-0 5. Nc3 d5 6. cxd5 Nxd5 7. d4 Nxc3 8. bxc3 c5 9. 0-0 Nc6 10. e3 Qa5 11. Qb3 Rb8 12. Bd2 Qc7 13. Rac1 Na5 14. Qc2 c4 15. e4 Nc6 16. d5 Ne5 17. Bf4 Nxf3+ 18. Bxf3 Be5 19. Be3 b5 20. Rb1 Bd7 21. Be2 e6 22. Rfd1 Bd6 23. Kg2 e5 24. Bh6 Rfe8 25. Qd2 a5 26. Rdc1 f5 27. f3 Qd8 28. Be3 Qe7 29. h4 f4 30. gxf4 Qxh4 31. fxe5 Bh3+ 32. Kh2 Bxe5+ 33. f4 Bg4+ 34. Kg2 1/2-1/2

[Event "Rowy op 09"]
[Site "Rowy"]
[Date "2012.09.??"]
[Round "8"]
[White "Niecko, Stanislaw"]
[Black "Borowski, Jaroslaw"]
[Result "1/2-1/2"]
[WhiteElo "1828"]
[BlackElo "1977"]
[PlyCount "55"]
[EventDate "2012.09.??"]
[EventType "swiss"]
[EventRounds "9"]
[EventCountry "POL"]
[SourceTitle "EXT 2014"]
[Source "ChessBase"]
[SourceDate "2013.11.20"]
[SourceVersion "1"]
[SourceVersionDate "2013.11.20"]
[SourceQuality "1"]

1. c4 Nf6 2. Nc3 g6 3. g3 Bg7 4. Bg2 0-0 5. d4 d6 6. Nf3 Nc6 7. 0-0 Rb8 8. Rb1 Bf5 9. Ra1 Na5 10. Nh4 Be6 11. b3 a6 12. Bb2 c6 13. f4 Qc8 14. e4 Bh3 15. f5 Bxg2 16. Kxg2 b5 17. e5 dxe5 18. dxe5 Nd7 19. fxg6 fxg6 20. Rxf8+ Nxf8 21. cxb5 Bxe5 22. bxa6 Qxa6 23. Na4 Qb5 24. Bxe5 Qxe5 25. Rc1 Ne6 26. Nc3 Rd8 27. Qe1 Qxe1 28. Rxe1 1/2-1/2

[Event "Rowy op 09"]
[Site "Rowy"]
[Date "2012.09.??"]
[Round "5"]
[White "Niecko, Stanislaw"]
[Black "Pioch, Zygmunt"]
[Result "0-1"]
[WhiteElo "1828"]
[BlackElo "2120"]
[PlyCount "56"]
[EventDate "2012.09.??"]
[EventType "swiss"]
[EventRounds "9"]
[EventCountry "POL"]
[SourceTitle "EXT 2014"]
[Source "ChessBase"]
[SourceDate "2013.11.20"]
[SourceVersion "1"]
[SourceVersionDate "2013.11.20"]
[SourceQuality "1"]

1. c4 e5 2. Nc3 Bb4 3. g3 Bxc3 4. bxc3 Nf6 5. Bg2 0-0 6. Nf3 d6 7. 0-0 Nc6 8. Rb1 Rb8 9. d3 Bd7 10. h3 e4 11. Nd4 Re8 12. Nxc6 Bxc6 13. d4 b6 14. Qc2 h6 15. Be3 Bd7 16. Kh2 c5 17. Bf4 Qc7 18. Rfd1 Rbc8 19. d5 Bf5 20. g4 Bg6 21. e3 Nd7 22. Re1 Ne5 23. Bxe5 Rxe5 24. a4 Qd8 25. Kg3 h5 26. Rh1 Qg5 27. Qe2 Re7 28. h4 Qe5+ 0-1

[Event "Rowy op 09"]
[Site "Rowy"]
[Date "2012.09.??"]
[Round "7"]
[White "Ostrowski, Michal"]
[Black "Niecko, Stanislaw"]
[Result "0-1"]
[WhiteElo "1418"]
[BlackElo "1828"]
[PlyCount "60"]
[EventDate "2012.09.??"]
[EventType "swiss"]
[EventRounds "9"]
[EventCountry "POL"]
[SourceTitle "EXT 2014"]
[Source "ChessBase"]
[SourceDate "2013.11.20"]
[SourceVersion "1"]
[SourceVersionDate "2013.11.20"]
[SourceQuality "1"]

1. Nf3 c5 2. e4 Nc6 3. Nc3 g6 4. d4 cxd4 5. Nxd4 Bg7 6. Nxc6 bxc6 7. Bd2 Rb8 8. Qc1 Nf6 9. Bd3 0-0 10. 0-0 Qc7 11. Bf4 d6 12. Bh6 Bxh6 13. Qxh6 Rxb2 14. Rab1 Rxb1 15. Rxb1 Ng4 16. Qf4 Be6 17. h3 Ne5 18. Ba6 Rb8 19. Rxb8+ Qxb8 20. Qc1 Qb4 21. Qe3 Qb6 22. Qxb6 axb6 23. a4 Bc4 24. Bb7 g5 25. f3 Kf8 26. Kf2 Ke8 27. Ke3 Kd7 28. g3 Kc7 29. Ba8 Be6 30. g4 Kb8 0-1

[Event "Rowy op 09"]
[Site "Rowy"]
[Date "2012.09.??"]
[Round "3"]
[White "Relidzynski, Tadeusz"]
[Black "Niecko, Stanislaw"]
[Result "1/2-1/2"]
[WhiteElo "1913"]
[BlackElo "1828"]
[PlyCount "44"]
[EventDate "2012.09.??"]
[EventType "swiss"]
[EventRounds "9"]
[EventCountry "POL"]
[SourceTitle "EXT 2014"]
[Source "ChessBase"]
[SourceDate "2013.11.20"]
[SourceVersion "1"]
[SourceVersionDate "2013.11.20"]
[SourceQuality "1"]

1. e4 c5 2. Nf3 Nc6 3. d4 cxd4 4. Nxd4 g6 5. Be3 Bg7 6. Nc3 Nf6 7. Nb3 d6 8. f3 Be6 9. Qd2 0-0 10. 0-0-0 Ne5 11. Kb1 Nc4 12. Bxc4 Bxc4 13. g4 b5 14. g5 Nd7 15. f4 a5 16. Nd5 a4 17. Nd4 Nc5 18. Qg2 Re8 19. Nb4 Qb6 20. Nd5 Qb7 21. f5 gxf5 22. Nxf5 e5 1/2-1/2

[Event "Krynica Cross-ch sf"]
[Site "Krynica"]
[Date "2012.03.??"]
[Round "1"]
[White "Niecko, Stanislaw"]
[Black "Sajdych, Wlodzimierz"]
[Result "1/2-1/2"]
[WhiteElo "1834"]
[BlackElo "1980"]
[PlyCount "27"]
[EventDate "2012.03.??"]
[EventType "swiss"]
[EventRounds "9"]
[EventCountry "POL"]
[SourceTitle "EXT 2014"]
[Source "ChessBase"]
[SourceDate "2013.11.20"]
[SourceVersion "1"]
[SourceVersionDate "2013.11.20"]
[SourceQuality "1"]

1. c4 f5 2. Nf3 Nf6 3. Nc3 e6 4. g3 Be7 5. Bg2 c6 6. d4 d5 7. 0-0 0-0 8. Re1 Ne4 9. cxd5 exd5 10. Ne5 Nd7 11. Nxd7 Bxd7 12. Bf4 Bf6 13. f3 Ng5 14. h4 1/2-1/2

[Event "Dabrowica Jastkow Memorial op 3rd"]
[Site "Dabrowica"]
[Date "2011.01.09"]
[Round "3.4"]
[White "Niecko, Stanislaw"]
[Black "Paluch, Andrzej"]
[Result "1-0"]
[WhiteElo "1851"]
[BlackElo "1535"]
[PlyCount "87"]
[EventDate "2011.01.07"]
[EventType "swiss"]
[EventRounds "5"]
[EventCountry "POL"]
[SourceTitle "EXT 2023"]
[Source "ChessBase"]
[SourceDate "2022.10.05"]
[SourceVersion "1"]
[SourceVersionDate "2022.10.05"]
[SourceQuality "1"]

1. c4 e6 2. e4 c5 3. Nc3 Nc6 4. Nf3 d6 5. d4 cxd4 6. Nxd4 Nf6 7. Be2 Be7 8. 0-0 0-0 9. Be3 Nxd4 10. Bxd4 a6 11. f4 b6 12. Qd3 Qc7 13. Rad1 Bb7 14. Bf3 Rac8 15. b3 e5 16. Be3 b5 17. Nd5 Bxd5 18. cxd5 Nd7 19. Rc1 Qa5 20. Qd2 Qxd2 21. Bxd2 exf4 22. Bxf4 Nc5 23. Bg4 Rcd8 24. Bf3 Nd3 25. Rc7 Rfe8 26. Be3 Bf6 27. Rd1 Nb4 28. a3 Na2 29. Bd4 Bxd4+ 30. Rxd4 b4 31. axb4 Rb8 32. Rcc4 Rb7 33. Rc6 Rd8 34. Rxa6 Nxb4 35. Ra4 Rdb8 36. Rc4 Rb6 37. Ra7 Na6 38. Rc6 g6 39. Rxa6 Rxb3 40. Rc7 Rb2 41. Raa7 Rd2 42. h3 Rf8 43. Rd7 f5 44. Rg7+ 1-0

[Event "Dabrowica Jastkow Memorial op 3rd"]
[Site "Dabrowica"]
[Date "2011.01.09"]
[Round "4.3"]
[White "Szysz, Mateusz"]
[Black "Niecko, Stanislaw"]
[Result "1/2-1/2"]
[WhiteElo "1696"]
[BlackElo "1851"]
[PlyCount "71"]
[EventDate "2011.01.07"]
[EventType "swiss"]
[EventRounds "5"]
[EventCountry "POL"]
[SourceTitle "EXT 2023"]
[Source "ChessBase"]
[SourceDate "2022.10.05"]
[SourceVersion "1"]
[SourceVersionDate "2022.10.05"]
[SourceQuality "1"]

1. e4 c5 2. Nf3 Nc6 3. d4 cxd4 4. Nxd4 g6 5. Nc3 Bg7 6. Be3 Nf6 7. Bc4 0-0 8. 0-0 d6 9. h3 Bd7 10. Qd2 Ne5 11. Bb3 Rc8 12. Qe2 a6 13. f4 Nc6 14. Nxc6 Bxc6 15. Bd2 e6 16. Be1 d5 17. exd5 Nxd5 18. Nxd5 Bxd5 19. Bxd5 Qxd5 20. c3 Rfd8 21. Bh4 Qc5+ 22. Bf2 Qf5 23. Bh4 Qc5+ 24. Bf2 Qa5 25. Bh4 Rd5 26. a3 Qb5 27. Qc2 Rh5 28. Bf2 Rd8 29. Rad1 Rhd5 30. c4 Rc8 31. cxb5 Rxc2 32. Rxd5 exd5 33. bxa6 bxa6 34. Rd1 Bxb2 35. Rxd5 Rc1+ 36. Kh2 1/2-1/2

[Event "Polanica Zdroj op-B 47th"]
[Site "Polanica Zdroj"]
[Date "2011.??.??"]
[Round "9"]
[White "Niecko, Stanislaw"]
[Black "Kwiatkowski, Zygmunt"]
[Result "1-0"]
[WhiteElo "1856"]
[BlackElo "1613"]
[PlyCount "89"]
[EventDate "2011.08.18"]
[EventType "swiss"]
[EventRounds "9"]
[EventCountry "POL"]
[SourceTitle "CBM 144 Extra"]
[Source "ChessBase"]
[SourceDate "2011.10.28"]
[SourceVersion "1"]
[SourceVersionDate "2011.10.28"]
[SourceQuality "1"]

1. e4 c6 2. d4 d5 3. exd5 cxd5 4. c4 Nf6 5. Nc3 e6 6. Nf3 dxc4 7. Bxc4 a6 8. a4 Be7 9. Bg5 0-0 10. 0-0 h6 11. Bh4 Nbd7 12. Re1 Nb6 13. Bb3 Nbd5 14. Rc1 Nxc3 15. bxc3 Re8 16. Ne5 Nd7 17. Nxf7 Kxf7 18. Bxe6+ Kf8 19. Qh5 Ne5 20. Rxe5 Bxe6 21. Rxe6 Bxh4 22. Rxe8+ Qxe8 23. Qxh4 Qe2 24. Qf4+ Kg8 25. Qe3 Qc4 26. Qe7 Qc6 27. Qb4 Rc8 28. h3 Rc7 29. c4 Qf6 30. d5 Qf4 31. Qc3 b5 32. axb5 axb5 33. c5 b4 34. Qc4 Qxc4 35. Rxc4 b3 36. c6 Kf8 37. Rb4 Ke7 38. Rxb3 Kd6 39. Rb5 Rf7 40. g4 Re7 41. Kg2 g5 42. Rb7 Rxb7 43. cxb7 Kc7 44. Kf3 Kxb7 45. Ke4 1-0

[Event "Kreznica Jara op 2nd"]
[Site "Kreznica Jara"]
[Date "2010.02.18"]
[Round "5"]
[White "Grenda, Wojciech"]
[Black "Niecko, Stanislaw"]
[Result "0-1"]
[WhiteElo "1522"]
[BlackElo "1868"]
[PlyCount "78"]
[EventDate "2010.02.15"]
[EventType "swiss"]
[EventRounds "7"]
[EventCountry "POL"]
[SourceTitle "CBM 135 Extra"]
[Source "ChessBase"]
[SourceDate "2010.05.04"]
[SourceVersion "1"]
[SourceVersionDate "2010.05.04"]
[SourceQuality "1"]

1. e4 c5 2. Nc3 Nc6 3. g3 g6 4. Bg2 Bg7 5. d3 d6 6. Be3 Nf6 7. h3 Rb8 8. Qd2 0-0 9. Nge2 b5 10. 0-0 b4 11. Nd1 Re8 12. Bh6 Bh8 13. f4 e5 14. f5 Nd4 15. g4 d5 16. Ng3 dxe4 17. Bxe4 Nxe4 18. Nxe4 Bb7 19. Kg2 gxf5 20. gxf5 Bf6 21. Rg1 Kh8 22. Rf1 Bh4 23. Ne3 Rg8+ 24. Ng4 Bg5 25. Bxg5 Rxg5 26. f6 Rg6 27. c3 bxc3 28. bxc3 Ne6 29. Qe3 Nf4+ 30. Kh2 Qxd3 31. Nxc5 Qxe3 32. Nxe3 Bg2 33. Rxf4 exf4 34. Nxg2 Rb2 35. Rd1 Rgxg2+ 36. Kh1 f3 37. Nd3 Rh2+ 38. Kg1 Rbg2+ 39. Kf1 Rh1# 0-1

[Event "POL-ch disabled"]
[Site "Rowy"]
[Date "2009.09.04"]
[Round "5.14"]
[White "Semeniuk, Adam"]
[Black "Niecko, Stanislaw"]
[Result "0-1"]
[WhiteElo "1963"]
[BlackElo "1816"]
[PlyCount "70"]
[EventDate "2009.09.01"]
[EventType "swiss"]
[EventRounds "9"]
[EventCountry "POL"]
[SourceTitle "EXT 2023"]
[Source "ChessBase"]
[SourceDate "2022.10.05"]
[SourceVersion "1"]
[SourceVersionDate "2022.10.05"]
[SourceQuality "1"]

1. f4 d5 2. Nf3 c5 3. b3 Nf6 4. Bb2 Nc6 5. g3 e6 6. Bg2 b6 7. 0-0 Bb7 8. d3 Be7 9. h3 Qc7 10. e3 0-0 11. Nbd2 Nd7 12. g4 Bf6 13. d4 cxd4 14. Nxd4 Nxd4 15. exd4 Rac8 16. Rc1 b5 17. Qf3 Qb6 18. Qf2 g6 19. g5 Bg7 20. h4 h5 21. Nf3 Rc7 22. Rfe1 Nb8 23. Qd2 Nc6 24. Kh2 Rfc8 25. Bh3 a5 26. a3 b4 27. a4 Ba6 28. Bf1 Bxf1 29. Rxf1 Nd8 30. Rf2 Nb7 31. Qd3 Nd6 32. Kh3 Ne4 33. Rff1 Rc6 34. Ba1 Qc7 35. Ne1 Qd7 0-1

[Event "Polanica Zdroj op Seniors 45th"]
[Site "Polanica Zdroj"]
[Date "2009.09.02"]
[Round "3"]
[White "Niecko, Stanislaw"]
[Black "Zoltek, Tadeusz"]
[Result "0-1"]
[WhiteElo "1871"]
[BlackElo "2194"]
[PlyCount "52"]
[EventDate "2009.08.18"]
[EventType "swiss"]
[EventRounds "9"]
[EventCountry "POL"]
[SourceTitle "EXT 2012"]
[Source "ChessBase"]
[SourceDate "2011.11.24"]
[SourceVersion "1"]
[SourceVersionDate "2011.11.24"]
[SourceQuality "1"]

1. c4 e6 2. e4 d5 3. cxd5 exd5 4. exd5 Qxd5 5. Nc3 Qe5+ 6. Be2 c6 7. Nf3 Qa5 8. d4 Nf6 9. 0-0 Be7 10. Re1 0-0 11. Bc4 Bb4 12. Bd2 Bg4 13. a3 Bxc3 14. bxc3 Qf5 15. Re5 Bxf3 16. Rxf5 Bxd1 17. Rxd1 Nbd7 18. f3 Rfe8 19. Kf2 g6 20. Rf4 Kg7 21. h4 Nb6 22. Bb3 Nbd5 23. Bxd5 cxd5 24. g4 h5 25. Rb1 hxg4 26. fxg4 Ne4+ 0-1

[Event "POL-ch disabled"]
[Site "Rowy"]
[Date "2009.09.02"]
[Round "3.10"]
[White "Wojcieszyn, Zdzislaw"]
[Black "Niecko, Stanislaw"]
[Result "1-0"]
[WhiteElo "2039"]
[BlackElo "1816"]
[PlyCount "83"]
[EventDate "2009.09.01"]
[EventType "swiss"]
[EventRounds "9"]
[EventCountry "POL"]
[SourceTitle "EXT 2023"]
[Source "ChessBase"]
[SourceDate "2022.10.05"]
[SourceVersion "1"]
[SourceVersionDate "2022.10.05"]
[SourceQuality "1"]

1. c4 e5 2. Nc3 Nc6 3. Nf3 d6 4. d4 Nf6 5. d5 Ne7 6. e4 Ng6 7. h3 Be7 8. Be2 0-0 9. g4 c6 10. Be3 Bd7 11. Qd2 a6 12. a4 b5 13. axb5 axb5 14. Rxa8 Qxa8 15. cxb5 cxb5 16. b4 Rc8 17. 0-0 Qa3 18. Nb1 Qb3 19. Bd3 h5 20. g5 Ne8 21. Kh2 Nc7 22. Rc1 Na6 23. Rxc8+ Bxc8 24. Qc3 Qxc3 25. Nxc3 Nxb4 26. Bxb5 Nf8 27. Bb6 f5 28. Ba5 fxe4 29. Nxe4 Nxd5 30. Bc4 Be6 31. Bd2 Nf4 32. Bxe6+ N8xe6 33. Bb4 Nc5 34. Bxc5 dxc5 35. Nxe5 Ne6 36. h4 Nd8 37. f4 Nf7 38. Nd7 c4 39. Nb6 Bd6 40. Kg3 g6 41. Nxc4 Bc7 42. Nf6+ 1-0

[Event "Polanica Zdroj op Seniors 45th"]
[Site "Polanica Zdroj"]
[Date "2009.08.26"]
[Round "9"]
[White "Marek, Eugeniusz"]
[Black "Niecko, Stanislaw"]
[Result "1-0"]
[WhiteElo "1883"]
[BlackElo "1871"]
[PlyCount "40"]
[EventDate "2009.08.18"]
[EventType "swiss"]
[EventRounds "9"]
[EventCountry "POL"]
[SourceTitle "EXT 2012"]
[Source "ChessBase"]
[SourceDate "2011.11.24"]
[SourceVersion "1"]
[SourceVersionDate "2011.11.24"]
[SourceQuality "1"]

1. e4 c5 2. Nf3 Nc6 3. d4 cxd4 4. Nxd4 g6 5. Nc3 Bg7 6. Be3 Nf6 7. Be2 0-0 8. 0-0 d6 9. h3 Bd7 10. Qd2 a6 11. Rad1 b5 12. Bf3 Ne5 13. a3 Rc8 14. Be2 Nc4 15. Bxc4 Rxc4 16. f3 b4 17. axb4 Rxb4 18. Nb3 a5 19. Na2 Rb5 20. Nc3 Rb4 1-0

[Event "Kowalewo Pomorskie op-B 16th"]
[Site "Kowalewo Pomorskie"]
[Date "2009.07.11"]
[Round "9"]
[White "Niecko, Stanislaw"]
[Black "Twardowski, Edward"]
[Result "1-0"]
[WhiteElo "1871"]
[BlackElo "1804"]
[PlyCount "61"]
[EventDate "2009.07.04"]
[EventType "swiss"]
[EventRounds "9"]
[EventCountry "POL"]
[SourceTitle "EXT 2011"]
[Source "ChessBase"]
[SourceDate "2010.11.26"]
[SourceVersion "1"]
[SourceVersionDate "2010.11.26"]
[SourceQuality "1"]

1. c4 c5 2. Nf3 Nc6 3. Nc3 Nf6 4. d4 cxd4 5. Nxd4 e6 6. Ndb5 d6 7. Bf4 e5 8. Bg5 a6 9. Na3 h6 10. Bh4 Be7 11. e3 g5 12. Bg3 Bf5 13. Nc2 Qa5 14. Bd3 Ne4 15. Bxe4 Bxe4 16. f3 Bg6 17. e4 Rd8 18. Qd5 Qc7 19. Bf2 Rb8 20. 0-0 0-0 21. g4 Rfc8 22. Rfd1 Nd8 23. Ne3 Ne6 24. Qd2 Nf4 25. Ncd5 Nxd5 26. Nxd5 Qd8 27. Bb6 Qd7 28. c5 Qe6 29. Nxe7+ Qxe7 30. cxd6 Qd7 31. Bc7 1-0